| 000 | 01090pam a2200301 a 4500 | ||
|---|---|---|---|
| 005 | 20260322212037.0 | ||
| 008 | data | ||
| 010 | _a 98045342 | ||
| 020 | _a0844259667 (softbound) | ||
| 020 | _a0844259659 (hardbound) | ||
| 020 | _a9780844259659 (hardbound) | ||
| 020 | _a9780844259666 (softbound) | ||
| 040 |
_aDLC _cDLC _dDLC |
||
| 050 | 0 | 0 |
_aBL311. _bR63 1999 |
| 082 | 0 | 0 |
_a291.1/3 _221 |
| 092 | _a291.1 R63 1999 | ||
| 100 | 1 | _aRosenberg, Donna. | |
| 245 | 1 | 0 |
_aWorld mythology : _ban anthology of the great myths and epics / _cDonna Rosenberg. |
| 250 | _a3rd ed. | ||
| 260 |
_aLincolnwood, Ill. : _bNTC Pub. Group, _cc1999. |
||
| 300 |
_axxi, 722 p. : _bill. ; _c23 cm. |
||
| 504 | _aIncludes bibliographical references (p. 691-707) and index. | ||
| 650 | 0 | _aMythology. | |
| 856 | 4 | 2 |
_3Publisher description _uhttp://www.loc.gov/catdir/description/mh051/98045342.html |
| 856 | 4 | 1 |
_3Table of contents _uhttp://www.loc.gov/catdir/toc/mh041/98045342.html |
| 856 | 4 | 2 |
_3Contributor biographical information _uhttp://www.loc.gov/catdir/enhancements/fy0737/98045342-b.html |
| 001 | data | ||
| 999 |
_c864 _d864 |
||